00892 2200265 4500001002100000005001700021008004100038020001800079035002400097090002000121100002500141245018800166250001800354260002700372300002900399500003100428650002900459700002800488700002700516700002600543850001600569980001300585985000600598999002200604YOGYA-0209000006866720090227092925.0 ind  a979-763-864-2 0010-020900000068667 a268bRet TlDEP aRETNANINGSIH, Kurnia aTuhan penolongkubpendidikan agama Kristen referensi KTCP dengan kecerdasan majemukcKurnia Retnaningsih, Pdt. Drie Broto Sudarmo, Cindy Quartymina Koan ; editor, Dien Sumiyatiningsih aEd. 1, Cet. 1 aYogyakartabAndic2007 avi, 171 hlmbilusc23 cm aBibliografi : hlm. 169-171 aPendidikan agama Kristen aBrotosudarmo, Drie, Pdt aKoan, Cindy Quartymina aSumiyatiningsih, Dien aYOPDYOG (M) a3-3-2008 a1 aCB-D.11 2007-841h